00337nam a2200121 a 4500008004100000020001500041050001500056100002200071245005300093260003900146300002100185350000900206120416s0000 ||||||||||||||||| || u a0830609164 aTL 154 Fla aFlammang, James M10aUnderstanding automotive specifications and data aBlue Pidge SummitbTAB Booksc1986 aix, 197p. : ill. a0.00